|
|
|
|
| LEADER |
01616nam a2200349 i 4500 |
| 001 |
35062 |
| 003 |
BD-DhAAL |
| 005 |
20190819114730.0 |
| 008 |
190807t2015 enk b 001 0 eng |
| 999 |
|
|
|c 40804
|d 40804
|
| 010 |
|
|
|a 2014015304
|
| 020 |
|
|
|a 9780415732130 (hb : alk. paper)
|
| 020 |
|
|
|a 9780415732147 (pb : alk. paper)
|
| 020 |
|
|
|z 9781315752846 (ebook)
|
| 040 |
|
|
|a DLC
|b eng
|c DLC
|e rda
|d DLC
|d BD-DhAAL
|
| 042 |
|
|
|a pcc
|
| 050 |
0 |
0 |
|a NA2800
|b .J37 2015
|
| 082 |
0 |
0 |
|a 729.29
|2 23
|
| 100 |
1 |
|
|a Jaramillo, A. M.,
|d 1979-
|9 33402
|
| 245 |
1 |
0 |
|a Architectural acoustics /
|c Ana M. Jaramillo and Chris Steel.
|
| 260 |
|
|
|a London ;
|a New York :
|b Routledge, Taylor & Francis Group,
|c 2015
|
| 300 |
|
|
|a xxii, 253 pages :
|b illustrations ;
|c 19 cm.
|
| 490 |
0 |
|
|a PocketArchitecture : technical design series
|
| 504 |
|
|
|a Includes bibliographical references and index.
|
| 526 |
|
|
|a ARC
|
| 541 |
|
|
|a Trim Education
|e 35062, 35063
|
| 650 |
|
0 |
|a Architectural acoustics.
|9 33403
|
| 700 |
1 |
|
|a Steel, C.,
|d 1975-
|9 33404
|
| 852 |
|
|
|a Ayesha Abed Library
|c General Stacks
|
| 942 |
|
|
|2 ddc
|c BK
|
| 952 |
|
|
|0 0
|1 0
|2 ddc
|4 0
|6 729_290000000000000_JAR
|7 0
|9 65919
|a BRACUL
|b BRACUL
|c GEN
|d 2019-07-28
|e Trim Education
|g 2210.00
|l 1
|m 10
|o 729.29 JAR
|p 3010035062
|r 2025-11-19
|s 2019-08-27
|t 1
|v 2210.00
|w 2019-07-28
|y BK
|
| 952 |
|
|
|0 0
|1 1
|2 ddc
|4 0
|6 729_290000000000000_JAR
|7 0
|9 65920
|a ARC
|b ARC
|c GEN
|d 2019-07-28
|e Trim Education
|g 2210.00
|l 0
|o 729.29 JAR
|p 3010035063
|r 2019-07-28
|t 2
|v 2210.00
|w 2019-07-28
|y BK
|x lost from the ARC department library and approved by the Dean (reasons personal books withdrawn by Hasibul Kabir Sir and Building shifting)
|